[Event "Oberliga Wuerttemberg 1819"]
[Site "Wuerttemberg"]
[Date "2018.12.02"]
[Round "4"]
[White "Jelica, Mara"]
[Black "Wunder, Fabian"]
[Result "0-1"]
[WhiteElo "2164"]
[BlackElo "2056"]
[PlyCount "114"]
[EventDate "2018.09.23"]
[EventType "team-tourn"]
[EventRounds "9"]
[EventCountry "GER"]
[SourceTitle "EXT 2020"]
[Source "ChessBase"]
[SourceDate "2019.10.17"]
[SourceVersion "1"]
[SourceVersionDate "2019.10.17"]
[SourceQuality "1"]
[WhiteTeam "Deizisau II"]
[BlackTeam "Weiler im Allgaeu"]
[WhiteTeamCountry "GER"]
[BlackTeamCountry "GER"]

1. e4 d6 2. d4 Nf6 3. Nc3 c6 4. f4 Qa5 5. Nf3 Nxe4 6. Bd2 Nxd2 7. Qxd2 Nd7 8. 0-0-0 Nf6 9. Qe3 Bg4 10. Be2 e6 11. h3 Bxf3 12. Bxf3 0-0-0 13. g4 d5 14. Kb1 Bd6 15. Ne2 Qc7 16. Rhf1 Kb8 17. Bg2 Rhe8 18. Qd3 g6 19. Rf2 Re7 20. Qd2 Rde8 21. Nc1 Nd7 22. g5 Nb6 23. b3 c5 24. c3 Rc8 25. Ne2 cxd4 26. cxd4 Ba3 27. Rf3 Qd6 28. Rc3 Rec7 29. Rxc7 Rxc7 30. Nc1 Bxc1 31. Rxc1 Rxc1+ 32. Qxc1 Qb4 33. Qe3 Nc4 34. Qe2 Na3+ 35. Kb2 Nb5 36. Qd3 Qxd4+ 37. Qxd4 Nxd4 38. Bf1 Kc7 39. Kc3 Nf5 40. Bb5 a6 41. Bd3 Ne7 42. b4 Kd6 43. a4 Nc6 44. Be2 a5 45. bxa5 Nxa5 46. Bb5 Nc6 47. Kd3 Na7 48. Be8 Ke7 49. Bb5 Nxb5 50. axb5 Kd6 51. Kd4 b6 52. h4 Kd7 53. Kd3 Ke7 54. Ke3 f6 55. Kd3 e5 56. Ke3 Ke6 57. Kf3 f5 0-1

[Event "Imperia op-A 50th"]
[Site "Imperia"]
[Date "2018.09.08"]
[Round "8.3"]
[White "Wunder, Fabian"]
[Black "Maiorov, Nikita"]
[Result "0-1"]
[WhiteElo "2056"]
[BlackElo "2512"]
[PlyCount "120"]
[EventDate "2018.09.02"]
[EventType "swiss"]
[EventRounds "9"]
[EventCountry "ITA"]
[SourceTitle "EXT 2024"]
[Source "ChessBase"]
[SourceDate "2023.10.10"]
[SourceVersion "1"]
[SourceVersionDate "2023.10.10"]
[SourceQuality "1"]

1. c4 Nf6 2. Nf3 b6 3. g3 Bb7 4. Bg2 g6 5. 0-0 Bg7 6. Nc3 0-0 7. Qc2 c5 8. d3 Nc6 9. e3 d5 10. Nxd5 Nxd5 11. cxd5 Qxd5 12. a3 Ne5 13. Ne1 Qd7 14. Bxb7 Qxb7 15. Bd2 Nc6 16. Bc3 Rfd8 17. Bxg7 Kxg7 18. f4 Rd6 19. Qc4 f6 20. Qe4 a5 21. Rc1 Qd7 22. Rf2 Rd8 23. Rc3 Re6 24. Qf3 Nd4 25. exd4 Rxe1+ 26. Kg2 Qxd4 27. Re2 Rg1+ 28. Kh3 Qd7+ 29. Qg4 Kf7 30. Qxd7 Rxd7 31. Rd2 Rd5 32. Kg4 Rf1 33. Kh3 Re1 34. Kg2 Re6 35. b4 cxb4 36. axb4 a4 37. Rc7 b5 38. Rb7 Red6 39. Kf2 Rd7 40. Rb8 g5 41. fxg5 Rxg5 42. Ke2 Rd4 43. Rb2 Rh5 44. Ke3 Rd6 45. d4 Re6+ 46. Kd3 Rf5 47. Rg2 Rf3+ 48. Kc2 Rc6+ 49. Kd1 Rb3 50. Rc2 Rxc2 51. Kxc2 Rxb4 52. Kd3 a3 53. Ra8 Ra4 54. Rxa4 bxa4 55. Kc2 Ke6 56. Kb1 Kd5 57. Ka2 Kxd4 58. Kxa3 e5 59. Kxa4 e4 60. Kb3 Kd3 0-1

[Event "Imperia op-A 50th"]
[Site "Imperia"]
[Date "2018.09.07"]
[Round "7.8"]
[White "Beretta, Giulio"]
[Black "Wunder, Fabian"]
[Result "0-1"]
[WhiteElo "1969"]
[BlackElo "2056"]
[PlyCount "144"]
[EventDate "2018.09.02"]
[EventType "swiss"]
[EventRounds "9"]
[EventCountry "ITA"]
[SourceTitle "EXT 2024"]
[Source "ChessBase"]
[SourceDate "2023.10.10"]
[SourceVersion "1"]
[SourceVersionDate "2023.10.10"]
[SourceQuality "1"]

1. e4 d6 2. d4 Nf6 3. Bd3 e5 4. c3 Nc6 5. Nf3 Be7 6. h3 0-0 7. 0-0 Re8 8. Re1 Bf8 9. Nbd2 g6 10. Nf1 Bg7 11. Bg5 h6 12. Bd2 Nh5 13. Rb1 Ne7 14. g4 Nf4 15. Bxf4 exf4 16. Qd2 g5 17. d5 Ng6 18. Nd4 Ne5 19. Nh2 Bd7 20. Nhf3 Qc8 21. Nxe5 Bxe5 22. f3 c5 23. dxc6 bxc6 24. Bc4 Be6 25. Qd3 Bxd4+ 26. Qxd4 Qc7 27. Red1 Rad8 28. Bxe6 fxe6 29. c4 Qb6 30. Kg2 Qxd4 31. Rxd4 Kf7 32. Rbd1 Ke7 33. Kf2 Rd7 34. Ke2 Red8 35. h4 Rh8 36. Rh1 Rdd8 37. Rd2 h5 38. hxg5 hxg4 39. Rxh8 Rxh8 40. fxg4 Rh3 41. Rd1 e5 42. g6 Rg3 43. Rh1 Kf6 44. Rd1 Ke6 45. c5 dxc5 46. Rd8 Rxg4 47. Ra8 Rxg6 48. Rxa7 Rg2+ 49. Kf3 Rxb2 50. Ra4 Rb4 51. Ra8 Rb2 52. Re8+ Kd6 53. Kg4 Rxa2 54. Kf5 f3 55. Re6+ Kd7 56. Kxe5 f2 57. Rf6 Re2 58. Rf7+ Ke8 59. Rf6 Ke7 60. Re6+ Kd7 61. Rf6 Kc7 62. Rf7+ Kb6 63. Kd6 Rxe4 64. Rxf2 Rd4+ 65. Ke5 Kb5 66. Rf1 Rd2 67. Rb1+ Kc4 68. Rc1+ Kb4 69. Rb1+ Kc3 70. Ke4 Kc2 71. Rb5 Re2+ 72. Kf3 Re6 0-1

[Event "Imperia op-A 50th"]
[Site "Imperia"]
[Date "2018.09.04"]
[Round "3.11"]
[White "Wunder, Fabian"]
[Black "Simeone, Giulio Maria"]
[Result "0-1"]
[WhiteElo "2056"]
[BlackElo "1826"]
[PlyCount "92"]
[EventDate "2018.09.02"]
[EventType "swiss"]
[EventRounds "9"]
[EventCountry "ITA"]
[SourceTitle "EXT 2024"]
[Source "ChessBase"]
[SourceDate "2023.10.10"]
[SourceVersion "1"]
[SourceVersionDate "2023.10.10"]
[SourceQuality "1"]

1. d4 d5 2. c4 c6 3. Nf3 Nf6 4. e3 e6 5. b3 Bd6 6. Bb2 Nbd7 7. Bd3 0-0 8. 0-0 b6 9. Nbd2 Bb7 10. Ne5 a5 11. Rc1 dxc4 12. Ndxc4 Bc7 13. Qe2 c5 14. Rfd1 Nd5 15. Nxd7 Qxd7 16. dxc5 bxc5 17. Bb1 Qe7 18. Qh5 f5 19. Ne5 Rf6 20. Qh4 Qe8 21. Rxc5 Bd6 22. Rc4 Rh6 23. Qg3 Rg6 24. Qh3 Rh6 25. Rh4 Rxh4 26. Qxh4 a4 27. e4 Be7 28. Qg3 Nf6 29. exf5 Qh5 30. Nf3 axb3 31. axb3 exf5 32. Rd7 f4 33. Qxg7+ Kxg7 34. Rxe7+ Kf8 35. Bxf6 Bxf3 36. gxf3 Ra6 37. Re5 Qxf3 38. Be7+ Kf7 39. Re1 Qc3 40. Kf1 Ra1 41. Bd6 Rxb1 42. Rxb1 Qd3+ 43. Kg2 f3+ 44. Kg3 Qxb1 45. Bf4 Qxb3 46. Be3 Qd5 0-1

[Event "Imperia op-A 50th"]
[Site "Imperia"]
[Date "2018.09.03"]
[Round "2.13"]
[White "Makhija, Aashna"]
[Black "Wunder, Fabian"]
[Result "1/2-1/2"]
[WhiteElo "1996"]
[BlackElo "2056"]
[PlyCount "102"]
[EventDate "2018.09.02"]
[EventType "swiss"]
[EventRounds "9"]
[EventCountry "ITA"]
[SourceTitle "EXT 2024"]
[Source "ChessBase"]
[SourceDate "2023.10.10"]
[SourceVersion "1"]
[SourceVersionDate "2023.10.10"]
[SourceQuality "1"]

1. e4 d6 2. d4 Nf6 3. Nc3 c6 4. Nf3 Bg4 5. Be2 e6 6. 0-0 Be7 7. a4 d5 8. exd5 cxd5 9. h3 Bh5 10. Be3 Nc6 11. Ne5 Bxe2 12. Nxe2 0-0 13. Nd3 a6 14. Ng3 b5 15. axb5 axb5 16. Qd2 Bd6 17. Qc3 Qc7 18. f4 Na5 19. Qxc7 Bxc7 20. b3 Nc6 21. c3 Rfc8 22. b4 Nd7 23. Nc5 Nb6 24. Kf2 Kf8 25. Ke2 Rxa1 26. Rxa1 Ra8 27. Rxa8+ Nxa8 28. Nf1 Nb6 29. Nd2 Ke7 30. Nf3 Nc4 31. Nd3 f6 32. Bc1 Kf7 33. Be3 Ne7 34. g4 Nc8 35. Nd2 N4d6 36. Nc5 Nb6 37. Kd3 Nbc4 38. Ke2 Ke7 39. Nd3 Nxd2 40. Bxd2 Ne4 41. Be1 Bd6 42. Kf3 Kd7 43. Nf2 Nxf2 44. Bxf2 e5 45. fxe5 fxe5 46. dxe5 Bxe5 47. Bd4 Bxd4 48. cxd4 g5 49. Kg3 Ke6 50. h4 h6 51. hxg5 hxg5 1/2-1/2

[Event "Oberliga Wuerttemberg 1718"]
[Site "Wuerttemberg"]
[Date "2018.02.18"]
[Round "7"]
[White "Wunder, Fabian"]
[Black "Hoenick, Andreas"]
[Result "1-0"]
[WhiteElo "2054"]
[BlackElo "2113"]
[PlyCount "79"]
[EventDate "2017.09.17"]
[EventType "team-tourn"]
[EventRounds "9"]
[EventCountry "GER"]
[SourceTitle "EXT 2019"]
[Source "ChessBase"]
[SourceDate "2018.10.10"]
[SourceVersion "1"]
[SourceVersionDate "2018.10.10"]
[SourceQuality "1"]
[WhiteTeam "Weiler im Allgaeu"]
[BlackTeam "Schwaebisch Gmuend"]
[WhiteTeamCountry "GER"]
[BlackTeamCountry "GER"]

1. d4 d5 2. c4 e6 3. Nf3 Nf6 4. g3 dxc4 5. Bg2 a6 6. 0-0 Nc6 7. a4 Rb8 8. a5 b5 9. axb6 cxb6 10. Bf4 Bd6 11. Ne5 Ne7 12. Nxc4 Bxf4 13. gxf4 0-0 14. e3 Nf5 15. Ne5 Nh4 16. Nc6 Qd6 17. Nxb8 Nxg2 18. Kxg2 Bb7+ 19. f3 Rxb8 20. Nc3 g5 21. e4 Qxf4 22. Qc1 Qh4 23. Qe1 Qf4 24. Qg3 Nh5 25. Qxf4 Nxf4+ 26. Kg3 Kg7 27. Rfd1 b5 28. Kf2 Rc8 29. Rac1 Rd8 30. Ne2 Nxe2 31. Kxe2 Rd7 32. Ke3 f5 33. Rc5 Kf6 34. Rdc1 h5 35. Rc7 Ke7 36. R1c5 g4 37. fxg4 Bxe4 38. Rxd7+ Kxd7 39. gxh5 Ke7 40. Kf4 1-0

[Event "Oberliga Wuerttemberg 1718"]
[Site "Wuerttemberg"]
[Date "2017.10.08"]
[Round "2"]
[White "Wolf, Rainer"]
[Black "Wunder, Fabian"]
[Result "0-1"]
[WhiteElo "2048"]
[BlackElo "2054"]
[PlyCount "140"]
[EventDate "2017.09.17"]
[EventType "team-tourn"]
[EventRounds "9"]
[EventCountry "GER"]
[SourceTitle "EXT 2019"]
[Source "ChessBase"]
[SourceDate "2018.10.10"]
[SourceVersion "1"]
[SourceVersionDate "2018.10.10"]
[SourceQuality "1"]
[WhiteTeam "Ulm Weisse Dame"]
[BlackTeam "Weiler im Allgaeu"]
[WhiteTeamCountry "GER"]
[BlackTeamCountry "GER"]

1. c4 f5 2. Nf3 Nf6 3. Nc3 e6 4. g3 d5 5. cxd5 exd5 6. Bg2 c6 7. e3 Bd6 8. Nd4 0-0 9. 0-0 Na6 10. d3 Nc7 11. a4 a5 12. Bd2 Na6 13. Na2 Bd7 14. Bc3 Kh8 15. Qf3 Ng4 16. h3 Ne5 17. Qd1 Nc5 18. b4 Nxa4 19. Bd2 axb4 20. Nxb4 c5 21. Nxd5 cxd4 22. exd4 Ng6 23. Qb3 Bc6 24. Rfb1 b5 25. Nf4 Qe8 26. Bxc6 Qxc6 27. Ne6 Rfe8 28. Ng5 h6 29. Nf7+ Kh7 30. Qxb5 Qxb5 31. Rxb5 Bc7 32. Rb7 Re7 33. d5 Rxf7 34. d6 Nc5 35. Rba7 Rc8 36. Rc1 Ne6 37. d4 Rd7 38. d5 Rxd6 39. dxe6 Rxd2 40. Kf1 Rd6 41. Rcxc7 Rxc7 42. Rxc7 Rxe6 43. Rf7 Ne7 44. Rf8 g6 45. Ra8 Kg7 46. Kg2 Nd5 47. Ra7+ Re7 48. Ra6 Nf6 49. Ra5 Rb7 50. Ra2 Rd7 51. Kf3 Ne4 52. Ke3 Ng5 53. f4 Re7+ 54. Kf2 Ne4+ 55. Kf3 Rc7 56. g4 Rc3+ 57. Ke2 Rxh3 58. Ra7+ Kf6 59. Ra6+ Kf7 60. Ra7+ Ke6 61. Ra6+ Nd6 62. gxf5+ gxf5 63. Kf2 Rh4 64. Kg3 Rg4+ 65. Kf3 h5 66. Ra1 h4 67. Re1+ Kf6 68. Rh1 Ne8 69. Ke3 Nc7 70. Rd1 Ne6 0-1

[Event "Oberliga Wuerttemberg 1617"]
[Site "Wuerttemberg"]
[Date "2017.04.23"]
[Round "11.6"]
[White "Peng, Xiang Tobias"]
[Black "Wunder, Fabian"]
[Result "1-0"]
[WhiteElo "2145"]
[BlackElo "2023"]
[PlyCount "69"]
[EventDate "2016.09.25"]
[EventType "team-tourn"]
[EventRounds "11"]
[EventCountry "GER"]
[SourceTitle "EXT 2019"]
[Source "ChessBase"]
[SourceDate "2018.10.10"]
[SourceVersion "1"]
[SourceVersionDate "2018.10.10"]
[SourceQuality "1"]
[WhiteTeam "Heilbronn"]
[BlackTeam "Weiler im Allgaeu"]
[WhiteTeamCountry "GER"]
[BlackTeamCountry "GER"]

1. e4 d6 2. Bc4 Nf6 3. Nc3 c6 4. Bb3 e5 5. Nge2 Nbd7 6. d4 Be7 7. Be3 Qa5 8. Qd2 0-0 9. 0-0 Qc7 10. f3 a6 11. a4 b6 12. g4 Bb7 13. Ng3 Rfd8 14. g5 Ne8 15. Nf5 Nf8 16. Qf2 c5 17. dxc5 dxc5 18. Qh4 Nd6 19. Nxd6 Qxd6 20. Bd5 Ng6 21. Qh5 Bxd5 22. Nxd5 Bf8 23. Rad1 Qc6 24. f4 exf4 25. Bxf4 Nxf4 26. Rxf4 Qg6 27. Qf3 Qxg5+ 28. Kh1 Bd6 29. Rf5 Qh6 30. e5 Bf8 31. Rxf7 Qe6 32. Rf1 Qxe5 33. Rf5 Qxb2 34. Rxf8+ Rxf8 35. Ne7+ 1-0

[Event "Oberliga Wuerttemberg 1617"]
[Site "Wuerttemberg"]
[Date "2017.03.19"]
[Round "9.5"]
[White "Wunder, Fabian"]
[Black "Huettig, Michael"]
[Result "1-0"]
[WhiteElo "2023"]
[BlackElo "2143"]
[PlyCount "73"]
[EventDate "2016.09.25"]
[EventType "team-tourn"]
[EventRounds "11"]
[EventCountry "GER"]
[SourceTitle "EXT 2019"]
[Source "ChessBase"]
[SourceDate "2018.10.10"]
[SourceVersion "1"]
[SourceVersionDate "2018.10.10"]
[SourceQuality "1"]
[WhiteTeam "Weiler im Allgaeu"]
[BlackTeam "Erdmannhausen"]
[WhiteTeamCountry "GER"]
[BlackTeamCountry "GER"]

1. d4 Nf6 2. c4 c5 3. d5 d6 4. Nc3 g6 5. g3 Bg7 6. Bg2 0-0 7. Nf3 e6 8. 0-0 exd5 9. cxd5 Re8 10. Nd2 a6 11. a4 Nbd7 12. h3 Rb8 13. Nc4 Ne5 14. Na3 Nh5 15. Kh2 f5 16. f4 Nf7 17. Nc4 b5 18. axb5 axb5 19. Na5 Qb6 20. Nc6 Rb7 21. Ra5 b4 22. Na4 Qc7 23. b3 Nf6 24. Bb2 Ne4 25. Bxg7 Kxg7 26. Bf3 Bd7 27. Ra6 Nd8 28. Nxd8 Qxd8 29. Bxe4 Bb5 30. Qa1+ Kf7 31. Bd3 c4 32. Bxc4 Bxc4 33. bxc4 Rxe2+ 34. Kh1 Qe7 35. Qd4 Re4 36. Qh8 Rxc4 37. Qxh7+ 1-0

[Event "Oberliga Wuerttemberg 1617"]
[Site "Wuerttemberg"]
[Date "2017.01.15"]
[Round "6.7"]
[White "Hofmann, Martin"]
[Black "Wunder, Fabian"]
[Result "1/2-1/2"]
[WhiteElo "2231"]
[BlackElo "2023"]
[PlyCount "43"]
[EventDate "2016.09.25"]
[EventType "team-tourn"]
[EventRounds "11"]
[EventCountry "GER"]
[SourceTitle "EXT 2019"]
[Source "ChessBase"]
[SourceDate "2018.10.10"]
[SourceVersion "1"]
[SourceVersionDate "2018.10.10"]
[SourceQuality "1"]
[WhiteTeam "Stuttgart SF"]
[BlackTeam "Weiler im Allgaeu"]
[WhiteTeamCountry "GER"]
[BlackTeamCountry "GER"]

1. d4 f5 2. c4 Nf6 3. g3 e6 4. Bg2 d5 5. Nh3 c6 6. b3 Bb4+ 7. Bd2 Bd6 8. 0-0 Qe7 9. Qc2 0-0 10. a3 Kh8 11. b4 a6 12. Qb3 dxc4 13. Qxc4 e5 14. dxe5 Bxe5 15. Bc3 Be6 16. Qd3 Nbd7 17. Nd2 Bxc3 18. Qxc3 Bd5 19. Rfe1 Bxg2 20. Kxg2 Nd5 21. Qc2 f4 22. Nf3 1/2-1/2

[Event "Oberliga Wuerttemberg 1617"]
[Site "Wuerttemberg"]
[Date "2016.12.04"]
[Round "5.7"]
[White "Wunder, Fabian"]
[Black "Hoenick, Andreas"]
[Result "0-1"]
[WhiteElo "2023"]
[BlackElo "2149"]
[PlyCount "154"]
[EventDate "2016.09.25"]
[EventType "team-tourn"]
[EventRounds "11"]
[EventCountry "GER"]
[SourceTitle "EXT 2019"]
[Source "ChessBase"]
[SourceDate "2018.10.10"]
[SourceVersion "1"]
[SourceVersionDate "2018.10.10"]
[SourceQuality "1"]
[WhiteTeam "Weiler im Allgaeu"]
[BlackTeam "Schwaebisch Gmuend"]
[WhiteTeamCountry "GER"]
[BlackTeamCountry "GER"]

1. d4 Nf6 2. c4 e6 3. g3 Bb4+ 4. Bd2 Qe7 5. Bg2 Nc6 6. Nf3 Bxd2+ 7. Nbxd2 0-0 8. 0-0 d6 9. e4 a5 10. e5 dxe5 11. dxe5 Nd7 12. Re1 a4 13. Re3 Ra5 14. Qe2 b6 15. Re1 Bb7 16. Nb1 Rd8 17. Nc3 Nc5 18. a3 Rd7 19. Rd1 Qd8 20. Rxd7 Qxd7 21. Nb5 Ra8 22. Qc2 h6 23. Re2 Nb3 24. Re1 Rd8 25. Nc3 Nca5 26. Rd1 Qe8 27. Rxd8 Qxd8 28. Nxa4 Bxf3 29. Bxf3 Qd4 30. Qe4 Nd2 31. Qa8+ Kh7 32. Nc3 Qxe5 33. Be2 Naxc4 34. b3 Nd6 35. Qc6 Nxb3 36. Qxc7 Nc5 37. Qxb6 Qxc3 38. Qxd6 Qxa3 39. Qd2 Qa1+ 40. Kg2 Qe5 41. Bf3 g6 42. Qc2 Qd4 43. Qe2 Kg7 44. Bc6 e5 45. Qc2 Nd3 46. Qe2 f5 47. Qa2 Qc5 48. Be8 Qe7 49. Qa8 e4 50. Bb5 Ne1+ 51. Kf1 Nf3 52. Kg2 Qc7 53. Qd5 Ne5 54. Qd4 h5 55. Ba4 Kh6 56. Qe3+ Kh7 57. Bb3 Qb7 58. h4 Ng4 59. Qc3 Qb6 60. Qc2 Kh6 61. Ba2 Qd4 62. Qe2 Ne5 63. Qc2 Nf3 64. Qc8 Qg7 65. Qe8 Ne5 66. Qd8 Kh7 67. Qd6 Ng4 68. Qb4 e3 69. fxe3 Nxe3+ 70. Kh3 Ng4 71. Bd5 Qd7 72. Bf3 Ne5 73. Qf4 Nd3 74. Qd2 f4+ 75. Kg2 fxg3 76. Kxg3 Qd6+ 77. Kg2 Nf4+ 0-1